000 00926nam a2200265Ia 4500
003 OSt
005 20220923211502.0
006 a|||||r|||| 00| 0
007 ta
008 Pun
020 _a9789352044887 (hbk)
_c220
024 _a328,771
037 _b1023, 08/03/2018, H.K. Prakashan
_cTextual
040 _aARTS
_cARTS
_bPun
041 _2Pun
_aPun
082 _aO153,3NGUx, Q8
100 _aਕੁਮਾਰ, ਗੁਰਚਰਨ ਸਿੰਘ, ਂਚ.
_9156325
245 0 _aਮਿੱਟੀ ਨਾ ਫਰੋਲ ਜੋਗੀਆ
260 _aਚੰਡੀਗੜ
_b ਲੋਕਗੀਤ ਪ੍ਰਕਾਸਨ
_c2018
300 _a102ਪ0
_ccm.
650 _a ਪੰਜਾਬੀ ਕਹਾਣੀ
650 _aਪੰਜਾਬੀ ਸਾਹਿਤ
942 _hO153,3NGUx, Q8
_cTEXL
_2CC
999 _c300026
_d300026